<?xml version="1.0" encoding="UTF-8"?>
<record
    xmlns:xsi="http://www.w3.org/2001/XMLSchema-instance"
    xsi:schemaLocation="http://www.loc.gov/MARC21/slim http://www.loc.gov/standards/marcxml/schema/MARC21slim.xsd"
    xmlns="http://www.loc.gov/MARC21/slim">

  <leader>00808nam a22002417a 4500</leader>
  <datafield tag="999" ind1=" " ind2=" ">
    <subfield code="c">65340</subfield>
    <subfield code="d">65314</subfield>
  </datafield>
  <controlfield tag="003">OSt</controlfield>
  <controlfield tag="005">20180625152108.0</controlfield>
  <controlfield tag="008">180625b           ||||| |||| 00| 0 eng d</controlfield>
  <datafield tag="020" ind1=" " ind2=" ">
    <subfield code="a">0953359808</subfield>
  </datafield>
  <datafield tag="040" ind1=" " ind2=" ">
    <subfield code="a">DLC</subfield>
    <subfield code="c">DLC</subfield>
    <subfield code="d">DLC</subfield>
  </datafield>
  <datafield tag="050" ind1=" " ind2=" ">
    <subfield code="a">BV 3625.R8</subfield>
    <subfield code="b">R45 1998</subfield>
  </datafield>
  <datafield tag="100" ind1=" " ind2=" ">
    <subfield code="9">45931</subfield>
    <subfield code="a">Relph, Penny.</subfield>
  </datafield>
  <datafield tag="245" ind1=" " ind2=" ">
    <subfield code="a">An African Apostle : </subfield>
    <subfield code="b">the story of David Ndaruhutse</subfield>
    <subfield code="c">Penny Relph.</subfield>
  </datafield>
  <datafield tag="260" ind1=" " ind2=" ">
    <subfield code="a">Kent, UK : </subfield>
    <subfield code="b">International Media for Ministry, </subfield>
    <subfield code="c">c1998.</subfield>
  </datafield>
  <datafield tag="300" ind1=" " ind2=" ">
    <subfield code="a">188 p.;</subfield>
  </datafield>
  <datafield tag="600" ind1=" " ind2=" ">
    <subfield code="a">Ndaruhutse, David.</subfield>
    <subfield code="9">45932</subfield>
  </datafield>
  <datafield tag="650" ind1=" " ind2=" ">
    <subfield code="a">Missions</subfield>
    <subfield code="z">Rwanda</subfield>
    <subfield code="x">Biography.</subfield>
    <subfield code="9">45933</subfield>
  </datafield>
  <datafield tag="650" ind1=" " ind2=" ">
    <subfield code="a">Missions</subfield>
    <subfield code="z">Burundi</subfield>
    <subfield code="x">Biography.</subfield>
    <subfield code="9">45934</subfield>
  </datafield>
  <datafield tag="650" ind1=" " ind2=" ">
    <subfield code="a">Reconciliation</subfield>
    <subfield code="x">Religious aspects</subfield>
    <subfield code="x">Christianity.</subfield>
    <subfield code="9">45935</subfield>
  </datafield>
  <datafield tag="650" ind1=" " ind2=" ">
    <subfield code="a">Peace</subfield>
    <subfield code="x">Religious aspects</subfield>
    <subfield code="x">Christianity.</subfield>
    <subfield code="9">45936</subfield>
  </datafield>
  <datafield tag="650" ind1=" " ind2=" ">
    <subfield code="a">Evangelistic work.</subfield>
    <subfield code="9">40</subfield>
  </datafield>
  <datafield tag="942" ind1=" " ind2=" ">
    <subfield code="2">lcc</subfield>
    <subfield code="c">BK</subfield>
  </datafield>
  <datafield tag="952" ind1=" " ind2=" ">
    <subfield code="0">0</subfield>
    <subfield code="1">0</subfield>
    <subfield code="2">lcc</subfield>
    <subfield code="4">0</subfield>
    <subfield code="7">0</subfield>
    <subfield code="8">BIO</subfield>
    <subfield code="a">CPL</subfield>
    <subfield code="b">CPL</subfield>
    <subfield code="c">BIO</subfield>
    <subfield code="d">2018-04-16</subfield>
    <subfield code="e">Donation - Dr. Steve Morad</subfield>
    <subfield code="g">15.00</subfield>
    <subfield code="l">1</subfield>
    <subfield code="o">BIO BV 3625.R8R45 1998</subfield>
    <subfield code="p">R38718P3232</subfield>
    <subfield code="r">2019-09-29 00:00:00</subfield>
    <subfield code="s">2019-09-02</subfield>
    <subfield code="t">1</subfield>
    <subfield code="w">2018-06-25</subfield>
    <subfield code="y">BK</subfield>
  </datafield>
</record>
